| Tag |
First Indicator |
Second Indicator |
Subfields |
| LEADER |
00000cam a2200000 4500 |
| 001 |
in00000068713 |
| 005 |
20151008050258.0 |
| 008 |
760126s1934 nyu 00010 eng |
| 010 |
|
|
|a 34042378
|
| 035 |
|
|
|a (OCoLC)01946542
|
| 035 |
|
|
|9 AAG0256AM
|
| 040 |
|
|
|a DLC
|c CSU
|d TXA
|d UtOrBLW
|
| 049 |
|
|
|a TXAM
|c [414386]
|
| 050 |
0 |
0 |
|a JC325
|b .W3
|
| 082 |
0 |
|
|a 320.1
|
| 092 |
|
|
|a 320.1
|b W335s
|
| 100 |
1 |
|
|a Watkins, Frederick Mundell.
|
| 245 |
1 |
4 |
|a The state as a concept of political science /
|c by Frederick Mundell Watkins ...
|
| 264 |
|
1 |
|a New York,
|a London :
|b Harper & Brothers,
|c 1934.
|
| 300 |
|
|
|a 4 preliminary leaves, 84 pages ;
|c 24 cm.
|
| 336 |
|
|
|a text
|b txt
|2 rdacontent
|
| 337 |
|
|
|a unmediated
|b n
|2 rdamedia
|
| 338 |
|
|
|a volume
|b nc
|2 rdacarrier
|
| 490 |
0 |
|
|a Studies in systematic political science and comparative government ... vol.III
|
| 650 |
|
0 |
|a State, The.
|
| 650 |
|
0 |
|a Political science.
|
| 999 |
|
|
|a MARS
|
| 999 |
f |
f |
|s 2f2075c5-31be-3494-970e-aa3bc8b8c77c
|i 18f90c77-ffef-3289-be51-a7f38afa2407
|t 0
|
| 952 |
f |
f |
|p ric
|a Texas A&M University
|b Rellis Campus
|c Joint Library Facility
|d Remote Storage
|t 0
|e JC325 .W3
|h Library of Congress classification
|i unmediated -- volume
|m A14800657888
|
| 998 |
f |
f |
|a JC325 .W3
|t 0
|l Remote Storage
|